Türkiyenin arkeoloji, epigrafi ve tarihî coǧrafyasi įcin bibliografya /

محفوظ في:

المؤلف الرئيسي: Mansel, Arif Müfid (مؤلف)

التنسيق: كتاب

اللغة: Turkish

منشور في: Ankara : Türk Tarih Kurumu Basimevi, 1948.

سلاسل: Türk Tarih Kurumu yayınlarından. 1.

الموضوعات:

الوسوم: إضافة وسم

لا توجد وسوم, كن أول من يضع وسما على هذه التسجيلة!

رقم الطلب: Z2847 .M2 1948

LEADER 01304nam a2200349 a 4500
001 4493
003 OSt
005 20200427095751.0
008 130303s1948 tu e 001 0 tur d
952 |0 0  |1 0  |2 lcc  |4 0  |6 Z2847 M2 01948  |7 1  |9 1682  |a ARCE  |b ARCE  |d 2020-04-27  |l 0  |o Z2847 .M2 1948  |p 1032871  |r 2020-04-27 00:00:00  |w 2020-04-27  |y BK 
999 |c 3260  |d 3260 
010 |a 59030871 
035 |a ocm03494482 
040 |c ARCE Library 
050 0 4 |a Z2847 .M2 1948 
100 1 |a Mansel, Arif Müfid,  |e author 
245 1 0 |a Türkiyenin arkeoloji, epigrafi ve tarihî coǧrafyasi įcin bibliografya /  |c Arif Müfid Mansel. 
264 1 |a Ankara :  |b Türk Tarih Kurumu Basimevi,  |c 1948. 
300 |a xvi, 616 pages ;  |c 25 cm. 
336 |a text  |b txt  |2 rdacontent 
337 |a unmediated  |b n  |2 rdamedia 
338 |a volume  |b nc  |2 rdacarrier 
490 1 |a Türk Tarih Kurumu yayınlarından. XII. serial ;  |v 1. 
500 |a Includes index. 
651 0 |a Turkey  |x Antiquities  |v Bibliography. 
830 0 |a Türk Tarih Kurumu yayınlarından.  |n XII. serial ;  |v 1. 
901 |a reviewed 
907 |a .b24257813  |b 02-04-08  |c 01-30-08 
942 |c BK  |2 lcc 
945 |a Z2847 .M2 1948  |g 1  |i mq225387  |l 1arce  |o z  |p $0.00  |q    |r    |s w  |t 0  |u 0  |v 0  |w 0  |x 0  |y .i31333497  |z 02-04-08 
949 |a Z2847 .M2 1948  |c arcesim 
998 |b 01-30-08  |c m  |d -  |i 1